000 02386cam a22006734i 4500
001 ocn976026121
003 PE-LiUPU
005 20250731170426.0
005 20190129021705.0
008 190205s2017 sp a r 000 0 spa d
020 _a8437507634
020 _a9788437507637
035 _a(Sirsi) i9788437507637
035 _a(OCoLC)976026121
040 _aPE-LiUPU
_bspa
_cPE-LiUPU
_erda
043 _ae-fr---
049 _aPRUA
082 0 4 _a150.195
_bC96
_220
100 1 _aCuñat, Carmen,
_eautor.
245 0 0 _aJacques Lacan :
_bel psicoanálisis y su aporte a la cultura contemporánea /
_cCarmen Cuñat [y otros cuarenta y ocho] ; eds., Miriam Chorne, Gustavo Dessal.
300 _a707 páginas :
_bilustraciones ;
_c23 centímetros.
336 _atext
_2rdacontent
337 _aunmediated
_2rdamedia
338 _avolume
_2rdacarrier
490 0 _aPsicología, Psiquiatría y Psicoanálisis
500 _aCollected essays.
505 _aIntroducción -- Inicio -- Algunos conceptos fundamentales -- Edipo, castración y falo -- El aparato psíquico -- Sexuación -- Clínica lacaniana -- La dinámica de la cura -- La formación analítica -- Lacan y el múltiple interés del psicoanálisis.
526 _aSEG68
526 _aSEG70
526 _aSEG69
526 _aSEG67
526 _aSEG43
526 _aP144
526 _aP143
526 _aP131
526 _aP122
526 _aP120
526 _aP117
526 _aP112
526 _aP110
526 _aP106
526 _aP101
526 _aP80
526 _aP59
526 _aP54
526 _aP35
526 _aP33
526 _aP30
541 _gF002-00000795;
700 1 _aChorne, Miriam,
_eeditor.
700 1 _aDessal, Gustavo,
_eeditor.
910 _adbm
_bsag
_csag
_d20190205
942 _2ddc
_cBOOK
949 _a150.195 C96
_wDEWEY
_c1
_i79946
_lCATALOGING
_mBUL
_p35.45
_r0
_sY
_tBOOK
_u2019-02-05
_xSALUD
_zP33
_0COMPRA
_o.STAFF. Colección Ciencias de la Salud
994 _aC0
_bPEPRU
596 _a1
999 _a150.195 C96
_wDEWEY
_c30980
_i79946
_d30980
_e2019-4-9
_f2021-11-3
_g3
_lCCODEBUL1
_mBUL
_n1
_p35.45
_r0
_sY
_tBOOK
_u2019-2-5
_xSALUD
_zP33
_0COMPRA
_o.STAFF. Colección Ciencias de la Salud
264 _aMadrid :
_bFonde de Cultura Económica,
_c2017.
980 _81
_gALBERTO SANCHEZ Responsable de Automatización